Atatürk'ün evrensel boyutları /

Saved in:
书目详细资料
主要作者: Bozdağ, İsmet.
格式: 图书
语言:Turkish
出版: Ankara : Kültür Bakanlığı Yayınları, 1996.
丛编:Kültür Bakanlığı yayınları. Atatürk dizisi ; 28.
主题:
标签: 添加标签
没有标签, 成为第一个标记此记录!
LEADER 00873nam a2200277 a 4500
001 007731953-2
005 20020606104010.5
008 980311s1996 tu 000|0 tur d
020 |a 9751702534 
035 0 |a ocn882908271 
035 0 |a ocm78641538 
043 |a a-tu--- 
050 1 4 |a DR592.K4  |b B7935 1996 
090 |a DR592.K4  |b B693 1996x 
100 1 |a Bozdağ, İsmet. 
245 1 0 |a Atatürk'ün evrensel boyutları /  |c İsmet Bozdağ. 
260 |a Ankara :  |b Kültür Bakanlığı Yayınları,  |c 1996. 
300 |a 179 p. ;  |c 20 cm. 
490 1 |a T.C. Kültür Bakanlığı yayınları ;  |v 977.  |a Atatürk dizisi ;  |v 28 
600 1 0 |a Atatürk, Kemal,  |d 1881-1938. 
650 0 |a Kemalism. 
651 0 |a Turkey  |x Politics and government. 
752 |a Turkey  |d Ankara. 
830 0 |a Kültür Bakanlığı yayınları.  |p Atatürk dizisi ;  |v 28. 
988 |a 20020608 
906 |0 MH